[Event "Medellin Flores op 30th"]
[Site "Medellin"]
[Date "2023.08.05"]
[Round "4"]
[White "Carrillo Montes, Isabela"]
[Black "Morales, Laura Catalina"]
[Result "0-1"]
[WhiteElo "1302"]
[BlackElo "1616"]
[PlyCount "74"]
[EventDate "2023.08.03"]
[EventType "swiss"]
[EventRounds "9"]
[EventCountry "COL"]
[SourceTitle "EXT 2024"]
[Source "ChessBase"]
[SourceDate "2023.10.10"]
[SourceVersion "1"]
[SourceVersionDate "2023.10.10"]
[SourceQuality "1"]

1. c4 c6 2. g3 d5 3. cxd5 cxd5 4. Bg2 Bf5 5. e3 e6 6. Ne2 Nf6 7. Nbc3 Be7 8. d4 0-0 9. 0-0 Nc6 10. a3 Rc8 11. Nf4 Qd7 12. Nh5 Nxh5 13. Qxh5 Bg6 14. Qe2 a6 15. Bd2 Na5 16. Nxd5 Rc2 17. Rac1 Rxd2 18. Qxd2 Nb3 19. Nxe7+ Qxe7 20. Qc3 Nxc1 21. Rxc1 h6 22. b4 Qd7 23. Rd1 Rc8 24. Qe1 b6 25. d5 exd5 26. Bxd5 Qa4 27. Ra1 Qc2 28. Bb7 Rc3 29. Bxa6 Be4 30. Qe2 Qb3 31. Qg4 Qb2 32. Re1 f5 33. Qg6 Rc1 34. Rxc1 Qxc1+ 35. Bf1 Bd3 36. Qe6+ Kh7 37. Kg2 Qxf1+ 0-1